Holiday Quiz

Random Holiday or World Quiz

Countries where Christmas isn't a holiday Quiz Stats

 Plays Quiz not verified by Sporcle

Score 0/34 Timer 06:00
0 Plays Today
% Correct
Iran
83.6%
Saudi Arabia
82.7%
China*
81.4%
Yemen
76.7%
Oman
75.7%
Pakistan
70.1%
UAE
70%
North Korea
67.9%
Afghanistan
66.7%
Qatar
63.6%
Japan
60.6%
Mongolia
58.8%
Kuwait
57%
Vietnam
55%
Libya
54%
Bahrain
52.9%
Laos
52.4%
% Correct
Turkey
51.6%
Algeria
51.4%
Morocco
51.4%
Israel
49.9%
Thailand
47.6%
Cambodia
45.5%
Turkmenistan
45.5%
Tunisia
44.8%
Uzbekistan
42.2%
Bhutan
41.5%
Somalia
40%
Tajikistan
38.8%
Azerbaijan
31.7%
Mauritania
31%
Taiwan
25.9%
Maldives
22.6%
Comoros
18.8%

You're not logged in!

Compare scores with friends on all Sporcle quizzes.
OR
Log In

Show Comments

Extras

Top Quizzes Today


Score Distribution

Your Account Isn't Verified!

In order to create a playlist on Sporcle, you need to verify the email address you used during registration. Go to your Sporcle Settings to finish the process.

Report this User

Report this user for behavior that violates our Community Guidelines.

Details: